Faunal Diversity of Biogeographical Zones of India: Semi Arid/ (Record no. 203495)

MARC details
000 -LEADER
fixed length control field 00723nam a22002177a 4500
005 - DATE AND TIME OF LATEST TRANSACTION
control field 20240604124340.0
010 ## - LCCN (DPL NO)
LC control number ENG-140568
020 ## - INTERNATIONAL STANDARD BOOK NUMBER
Terms of availability 2,250.00
International Standard Book Number 9788181715715
035 ## - SYSTEM CONTROL NUMBER
System control number EN-124100
037 ## - SOURCE OF ACQUISITION
Stock number DBAD
082 ## - DEWEY DECIMAL CLASSIFICATION NUMBER
Classification number 591.954
100 ## - MAIN ENTRY--PERSONAL NAME
Personal name Chandra, Kailash
245 ## - TITLE STATEMENT
Title Faunal Diversity of Biogeographical Zones of India: Semi Arid/
Statement of responsibility, etc Kailash Chandra...(et.al)
260 ## - PUBLICATION, DISTRIBUTION, ETC. (IMPRINT)
Place of publication, distribution, etc Kolkata
Name of publisher, distributor, etc Director, Zoological Survey of India
Date of publication, distribution, etc April, 2021
270 ## - ADDRESS
Address M-Block, New Alipore,
City Kolkata
Postal code 700053
300 ## - PHYSICAL DESCRIPTION
Extent 256p.
Dimensions 30 cm (hb)
500 ## - GENERAL NOTE
General note It is about zoology.
650 ## - SUBJECT ADDED ENTRY--TOPICAL TERM
Topical term or geographic name as entry element Zoology
700 ## - ADDED ENTRY--PERSONAL NAME
Personal name Director Zoological Survery of India
9 (RLIN) 67089
942 ## - ADDED ENTRY ELEMENTS (KOHA)
Source of classification or shelving scheme Dewey Decimal Classification
Item type English Books
Classification part 591.954
Call number suffix FAU
Holdings
Withdrawn status Lost status Not for loan Collection code Home library Current library Date acquired Source of acquisition Cost, normal purchase price Full call number Barcode Copy number Cost, replacement price Koha item type
    Not For Loan Reference Central Library Central Library 04/06/2024 DBAD/PUB 2250.00 591.954 FAU EN-124100 1 2250.00 English Books

© Delhi Public Library
Hit Counter
free hit counter